[Event "BCF-chT1b 1718 (4NCL)"]
[Site "England"]
[Date "2018.02.10"]
[Round "5.83"]
[White "MacQueen, Calum"]
[Black "Kalavannan, Koby"]
[Result "0-1"]
[WhiteElo "2239"]
[BlackElo "2274"]
[PlyCount "86"]
[EventDate "2017.11.11"]
[EventType "team-swiss"]
[EventRounds "11"]
[EventCountry "ENG"]
[SourceTitle "EXT 2019"]
[Source "ChessBase"]
[SourceDate "2018.10.10"]
[SourceVersion "1"]
[SourceVersionDate "2018.10.10"]
[SourceQuality "1"]
[WhiteTeam "Alba"]
[BlackTeam "Cambridge University"]
[WhiteTeamCountry "ENG"]
[BlackTeamCountry "ENG"]

1. d4 Nf6 2. c4 g6 3. Nc3 Bg7 4. e4 d6 5. Nf3 0-0 6. Be2 e5 7. Be3 Nbd7 8. 0-0 Qe7 9. Qc2 exd4 10. Nxd4 c6 11. Rfe1 Nc5 12. f3 a5 13. Rad1 Rd8 14. Bf1 Be6 15. Nxe6 Nxe6 16. Bb6 Rdc8 17. Bf2 Nd7 18. Qd2 Ne5 19. Kh1 Bf8 20. Bg3 g5 21. Na4 Rd8 22. Nb6 Rab8 23. Qxa5 Bg7 24. Qd2 Qf6 25. Be2 h5 26. h3 Nf4 27. b4 Bh6 28. Bxf4 gxf4 29. Qc3 Bg7 30. c5 Qh4 31. cxd6 Ng4 32. Qxg7+ Kxg7 33. fxg4 Rxd6 34. Nc4 Rxd1 35. Rxd1 Qf2 36. Bf3 hxg4 37. Bxg4 Qxa2 38. Nd6 Qb3 39. e5 Qc3 40. Rd4 Qe1+ 41. Kh2 Qg3+ 42. Kh1 Qe1+ 43. Kh2 Qxe5 0-1

[Event "SCO-ch 124th"]
[Site "Dundee"]
[Date "2017.07.23"]
[Round "9"]
[White "Britton, Richard"]
[Black "MacQueen, Calum"]
[Result "1-0"]
[WhiteElo "2185"]
[BlackElo "2246"]
[PlyCount "83"]
[EventDate "2017.07.15"]
[EventType "swiss"]
[EventRounds "9"]
[EventCountry "SCO"]
[SourceTitle "CBM 179 Extra"]
[Source "ChessBase"]
[SourceDate "2017.08.23"]
[SourceVersion "1"]
[SourceVersionDate "2017.08.23"]
[SourceQuality "1"]

1. e4 c6 2. d3 d5 3. Nd2 g6 4. Ngf3 Bg7 5. g3 e5 6. Bg2 Ne7 7. 0-0 0-0 8. Re1 Nd7 9. b4 Re8 10. Bb2 dxe4 11. dxe4 b5 12. a4 Qc7 13. c4 Nb6 14. cxb5 cxb5 15. Rc1 Qd6 16. axb5 Be6 17. Rc5 Nd7 18. Rc2 Rac8 19. Rxc8 Rxc8 20. Qa1 h6 21. Bf1 Qb8 22. Re3 f6 23. Ra3 Rc7 24. Nb3 Kh7 25. Nc5 Nxc5 26. bxc5 Rxc5 27. Rxa7 Nc8 28. Ra6 Bg4 29. Ne1 Rxb5 30. Ra8 Qb6 31. Bxb5 Qxb5 32. Ng2 Qd3 33. Ne3 Bh3 34. g4 Nb6 35. Rb8 Nd7 36. Rd8 h5 37. gxh5 Qxe4 38. Qa2 gxh5 39. Qg8+ Kh6 40. Bc1 Kg6 41. Qe8+ Kh7 42. Qxh5+ 1-0

[Event "SCO-ch 124th"]
[Site "Dundee"]
[Date "2017.07.22"]
[Round "8"]
[White "MacQueen, Calum"]
[Black "Petrova, Kristyna"]
[Result "1/2-1/2"]
[WhiteElo "2246"]
[BlackElo "2274"]
[PlyCount "93"]
[EventDate "2017.07.15"]
[EventType "swiss"]
[EventRounds "9"]
[EventCountry "SCO"]
[SourceTitle "CBM 179 Extra"]
[Source "ChessBase"]
[SourceDate "2017.08.23"]
[SourceVersion "1"]
[SourceVersionDate "2017.08.23"]
[SourceQuality "1"]

1. Nf3 Nf6 2. b3 c5 3. Bb2 Nc6 4. e3 e6 5. g3 b6 6. Bg2 Bb7 7. 0-0 Be7 8. c4 0-0 9. Nc3 Rc8 10. Rc1 d5 11. cxd5 Nxd5 12. Nxd5 Qxd5 13. d4 Qd8 14. dxc5 Bxc5 15. Ne5 Nxe5 16. Bxb7 Rc7 17. Be4 Ng6 18. Qe2 Qe7 19. h4 f5 20. Bg2 Bd6 21. Rxc7 Bxc7 22. Rd1 Rd8 23. Rxd8+ Qxd8 24. Qc2 Be5 25. h5 Bxb2 26. hxg6 Bf6 27. Qc6 Qd1+ 28. Bf1 hxg6 29. Qxe6+ Kh7 30. Kg2 Qc2 31. Bc4 Qe4+ 32. Qxe4 fxe4 33. Bd5 g5 34. Kh3 g6 35. Bxe4 Kg7 36. Kg4 Be7 37. Bc6 Kf6 38. Be8 Bc5 39. Kf3 Bb4 40. e4 Bc5 41. Ke2 g4 42. Bd7 Ke5 43. Bxg4 Kxe4 44. Bf3+ Ke5 45. Bc6 g5 46. Kf3 a5 47. a4 1/2-1/2

[Event "SCO-ch 123rd"]
[Site "Glasgow"]
[Date "2016.07.10"]
[Round "2"]
[White "MacQueen, Calum"]
[Black "Turner, Matthew"]
[Result "0-1"]
[WhiteElo "2270"]
[BlackElo "2516"]
[PlyCount "50"]
[EventDate "2016.07.09"]
[EventType "swiss"]
[EventRounds "9"]
[EventCountry "SCO"]
[SourceTitle "CBM 173 Extra"]
[Source "ChessBase"]
[SourceDate "2016.08.29"]
[SourceVersion "1"]
[SourceVersionDate "2016.08.29"]
[SourceQuality "1"]

1. d4 d5 2. c4 c6 3. Nf3 Nf6 4. Nbd2 Bf5 5. Nh4 Be4 6. Qb3 Qc7 7. f3 Bg6 8. e3 e6 9. g3 c5 10. cxd5 exd5 11. dxc5 Bxc5 12. Qb5+ Nbd7 13. Nb3 a6 14. Qa4 0-0 15. Nxg6 hxg6 16. Bd2 Ba7 17. Be2 Rfe8 18. Nd4 Qe5 19. Kf2 Nc5 20. Qa5 Nce4+ 21. fxe4 Bxd4 22. exd4 Qxd4+ 23. Be3 Nxe4+ 24. Kf3 Qf6+ 25. Kg2 Qxb2 0-1

[Event "SCO-ch 122nd"]
[Site "Edinburgh"]
[Date "2015.07.18"]
[Round "8"]
[White "Arakhamia Grant, Ketevan"]
[Black "MacQueen, Calum"]
[Result "1-0"]
[WhiteElo "2374"]
[BlackElo "2232"]
[PlyCount "91"]
[EventDate "2015.07.11"]
[EventType "swiss"]
[EventRounds "9"]
[EventCountry "SCO"]
[SourceTitle "CBM 167 Extra"]
[Source "ChessBase"]
[SourceDate "2015.09.14"]
[SourceVersion "1"]
[SourceVersionDate "2015.09.14"]
[SourceQuality "1"]

1. e4 c5 2. Nf3 Nc6 3. d4 cxd4 4. Nxd4 e5 5. Nb5 d6 6. c4 Be7 7. N1c3 a6 8. Na3 f5 9. exf5 Bxf5 10. Bd3 Be6 11. 0-0 Nf6 12. Nc2 0-0 13. Ne3 Qd7 14. b3 Bd8 15. Ba3 b5 16. Bxd6 b4 17. Bxf8 bxc3 18. Bc5 e4 19. Be2 Qf7 20. Qd6 Rc8 21. Qf4 Ne7 22. Bxe7 Bxe7 23. Qe5 Rc5 24. Qxc3 Nh5 25. Qd2 Nf4 26. Rad1 Rg5 27. Qd8+ Bxd8 28. Rxd8+ Qf8 29. Rxf8+ Kxf8 30. Re1 Bh3 31. Bf1 Bd7 32. Kh1 Bc6 33. Rd1 Ke7 34. b4 h5 35. h4 Re5 36. c5 g5 37. hxg5 Rxg5 38. Rd6 Bb7 39. Rb6 Bc8 40. Rc6 Kd7 41. Rd6+ Ke7 42. g3 Ne6 43. Bxa6 Bxa6 44. Rxa6 h4 45. gxh4 Rg8 46. Nd5+ 1-0

[Event "SCO-ch 122nd"]
[Site "Edinburgh"]
[Date "2015.07.17"]
[Round "7"]
[White "MacQueen, Calum"]
[Black "Van den Doel, Erik"]
[Result "0-1"]
[WhiteElo "2232"]
[BlackElo "2564"]
[PlyCount "68"]
[EventDate "2015.07.11"]
[EventType "swiss"]
[EventRounds "9"]
[EventCountry "SCO"]
[SourceTitle "CBM 167 Extra"]
[Source "ChessBase"]
[SourceDate "2015.09.14"]
[SourceVersion "1"]
[SourceVersionDate "2015.09.14"]
[SourceQuality "1"]

1. d4 d5 2. c4 dxc4 3. Nf3 e6 4. e3 Nf6 5. Bxc4 a6 6. a4 c5 7. 0-0 Nc6 8. Qe2 cxd4 9. Rd1 Be7 10. exd4 0-0 11. Nc3 Nd5 12. Qe4 Nf6 13. Qe2 Nd5 14. Qe4 Ncb4 15. Ne5 Kh8 16. Bxd5 Nxd5 17. Rd3 Kg8 18. Rg3 f5 19. Qe2 Bf6 20. Rh3 Bxe5 21. Qxe5 f4 22. Qh5 h6 23. Nxd5 exd5 24. Rf3 Rf5 25. Qg6 Rg5 26. Qd3 Bf5 27. Qb3 Be4 28. Bxf4 Rf5 29. Bg3 Bxf3 30. gxf3 Qd7 31. Kf1 Raf8 32. Ke2 Rxf3 33. Qxf3 Rxf3 34. Kxf3 Qf5+ 0-1

[Event "Commonwealth-ch"]
[Site "Glasgow"]
[Date "2014.07.01"]
[Round "2"]
[White "MacQueen, Calum"]
[Black "Kelly, J Steven"]
[Result "1-0"]
[WhiteElo "2229"]
[BlackElo "1944"]
[PlyCount "63"]
[EventDate "2014.06.30"]
[EventType "swiss"]
[EventRounds "9"]
[EventCountry "SCO"]
[SourceTitle "CBM 161 Extra"]
[Source "ChessBase"]
[SourceDate "2014.08.29"]
[SourceVersion "1"]
[SourceVersionDate "2014.08.29"]
[SourceQuality "1"]

1. Nf3 Nf6 2. b3 c5 3. Bb2 Nc6 4. e3 e6 5. g3 Be7 6. Bg2 0-0 7. 0-0 d6 8. c4 Qc7 9. Nc3 a6 10. Rc1 Rb8 11. d4 Nd7 12. Qe2 Bf6 13. d5 Nce5 14. Nd2 Ng6 15. Nde4 Be7 16. h4 e5 17. f4 f5 18. Ng5 Bxg5 19. hxg5 Qd8 20. a4 Re8 21. Qc2 Rf8 22. Bh3 Nb6 23. Ne2 e4 24. Qc3 Rf7 25. a5 Na8 26. b4 b6 27. Rb1 bxa5 28. bxc5 dxc5 29. Ba3 Rxb1 30. Rxb1 Qd6 31. Qxa5 Rc7 32. Rb8 1-0

[Event "Purticciu op 1st"]
[Site "Grosseto Prugna"]
[Date "2014.05.10"]
[Round "6"]
[White "MacQueen, Calum"]
[Black "Hamitevici, Vladimir"]
[Result "1/2-1/2"]
[WhiteElo "2226"]
[BlackElo "2462"]
[PlyCount "114"]
[EventDate "2014.05.06"]
[EventType "swiss"]
[EventRounds "7"]
[EventCountry "FRA"]
[SourceTitle "CBM 160 Extra"]
[Source "ChessBase"]
[SourceDate "2014.07.01"]
[SourceVersion "1"]
[SourceVersionDate "2014.07.01"]
[SourceQuality "1"]

1. d4 e6 2. c4 b6 3. a3 Bb7 4. d5 Nf6 5. Nc3 Bd6 6. e4 0-0 7. g3 exd5 8. cxd5 c6 9. Bg2 Re8 10. Nge2 Na6 11. b4 cxd5 12. exd5 Nc7 13. 0-0 Ba6 14. Re1 Bc4 15. Be3 Rc8 16. Rc1 Nb5 17. Nxb5 Bxb5 18. Nd4 Rxc1 19. Qxc1 Bd3 20. Rd1 Be4 21. Nb5 Bb8 22. d6 Bxg2 23. Kxg2 Qc8 24. Qxc8 Rxc8 25. Rc1 Rxc1 26. Bxc1 Nd5 27. Bf4 g5 28. Bxg5 a6 29. Nc7 Bxc7 30. dxc7 Nxc7 31. Kf3 Ne6 32. Be3 b5 33. Ke4 Kf8 34. f4 Ke7 35. f5 Nc7 36. Bb6 Ne8 37. Ke5 d6+ 38. Kf4 h6 39. g4 Nf6 40. Bd4 Ng8 41. h4 f6 42. Ke4 Kd7 43. Kd5 Ne7+ 44. Ke4 Ng8 45. Bb2 Ke7 46. Kf4 Kf7 47. Bd4 Ne7 48. Ke4 d5+ 49. Kf4 Nc6 50. Bb2 a5 51. bxa5 Nxa5 52. Bc1 Nc4 53. Kf3 Kg7 54. Kf4 Kf7 55. Kf3 Kg7 56. Kf4 Kf7 57. Kf3 Kg7 1/2-1/2

[Event "Edinburgh Winter op"]
[Site "Edinburgh"]
[Date "2013.12.29"]
[Round "3"]
[White "Bremner, Adam"]
[Black "MacQueen, Calum"]
[Result "1/2-1/2"]
[WhiteElo "2189"]
[BlackElo "2240"]
[PlyCount "128"]
[EventDate "2013.12.27"]
[EventType "swiss"]
[EventRounds "9"]
[EventCountry "SCO"]
[SourceTitle "EXT 2018"]
[Source "ChessBase"]
[SourceDate "2017.10.13"]
[SourceVersion "1"]
[SourceVersionDate "2017.10.13"]
[SourceQuality "1"]

1. d4 Nf6 2. c4 g6 3. f3 Bg7 4. e4 d6 5. Be3 0-0 6. Ne2 a6 7. a4 Nc6 8. Qd2 a5 9. Na3 Bd7 10. Nc2 e5 11. d5 Ne7 12. c5 Nh5 13. Nc3 f5 14. Be2 Nf4 15. 0-0 Nxe2+ 16. Qxe2 f4 17. Bf2 g5 18. cxd6 cxd6 19. Nb5 Rf6 20. Nca3 Rg6 21. Nc4 Nc8 22. g4 fxg3 23. Bxg3 Bh3 24. Rfc1 h5 25. Ne3 g4 26. fxg4 h4 27. Bf2 Bh6 28. Kh1 Qf6 29. Nf5 Bxc1 30. Rxc1 Qg5 31. Rg1 Kh7 32. Bxh4 Bxg4 33. Bxg5 Bxe2 34. Rg3 Bxb5 35. axb5 a4 36. h4 Nb6 37. Ne7 Rg7 38. Rc3 Rf8 39. Nf5 Rd7 40. Kg2 Nxd5 41. exd5 Rxf5 42. Rc4 e4 43. Rxa4 Rxd5 44. Rxe4 Rxb5 45. b4 Re5 46. Rd4 d5 47. Kf3 Kg6 48. Bf4 Re1 49. Kg4 Rg1+ 50. Bg3 Kf6 51. Kf3 Ke6 52. Rg4 d4 53. Re4+ Kd5 54. Rxd4+ Kxd4 55. Bf2+ Kc4 56. Bxg1 Kxb4 57. Be3 Kc4 58. Kg4 Kd5 59. Kf5 Rf7+ 60. Kg6 Rf3 61. Bg5 Ke6 62. h5 b5 63. h6 Rh3 64. h7 Rxh7 1/2-1/2

[Event "EU-Cup 29th"]
[Site "Rhodes"]
[Date "2013.10.23"]
[Round "4.2"]
[White "MacQueen, Calum"]
[Black "Welz, Thomas"]
[Result "1/2-1/2"]
[WhiteElo "2236"]
[BlackElo "2207"]
[PlyCount "127"]
[EventDate "2013.10.20"]
[EventType "team-swiss"]
[EventRounds "7"]
[EventCountry "GRE"]
[SourceTitle "CBM 157"]
[Source "ChessBase"]
[SourceDate "2013.11.12"]
[SourceVersion "1"]
[SourceVersionDate "2013.11.12"]
[SourceQuality "1"]
[WhiteTeam "Edinburgh"]
[BlackTeam "Eppingen"]
[WhiteTeamCountry "SCO"]
[BlackTeamCountry "GER"]

1. d4 d5 2. c4 c6 3. Nf3 Nf6 4. Nbd2 Bf5 5. Nh4 Be6 6. Qb3 Qc7 7. cxd5 cxd5 8. e3 Nc6 9. Bd3 g6 10. 0-0 Bg7 11. Qa3 0-0 12. b4 Rfc8 13. Nhf3 Bf5 14. Bxf5 gxf5 15. b5 Na5 16. Ne5 e6 17. Bb2 Bf8 18. Qa4 a6 19. bxa6 Rxa6 20. Rfc1 Nc6 21. Qc2 Qd8 22. Nb3 Raa8 23. Nxc6 Rxc6 24. Qd1 Rca6 25. Nc5 Rxa2 26. Rxa2 Rxa2 27. Qb3 Ra7 28. Nxb7 Qb8 29. Nc5 Qxb3 30. Nxb3 Rb7 31. Rc3 Ne4 32. Rd3 Ra7 33. f3 Nd6 34. Bc1 Nc4 35. Bd2 Ra2 36. Be1 Bh6 37. f4 Bf8 38. Kf1 Ba3 39. Nd2 Ra1 40. Nf3 Bb4 41. Ke2 Ra2+ 42. Kf1 Bxe1 43. Nxe1 Nd2+ 44. Kg1 Ne4 45. h3 Ra1 46. Kf1 h5 47. Ke2 Ra2+ 48. Kf1 Ng3+ 49. Kg1 Ra1 50. Kf2 h4 51. Rb3 Ne4+ 52. Ke2 Ra2+ 53. Kd1 Ra1+ 54. Ke2 Ra2+ 55. Kd1 Kg7 56. Nc2 Ra8 57. Rb6 Kf6 58. Rb7 Nd6 59. Rb6 Nc4 60. Rb3 Ra2 61. Kc1 Ra8 62. Kd1 Rc8 63. Ne1 Ra8 64. Nc2 1/2-1/2